000 00755cam a2200241 4500
008 090401t1996 xxu||||| |||| 00| 0 eng d
020 _a0102258961
035 _a(Sirsi) u39320
041 _aeng
050 _a336.39
110 _aParliament House of Commons Treasury Committee Session 1995-96
_92038
245 4 _aThe Private Finance Initiative : together with the proceedings of the Committee, minutes of evidence and appendices.
260 _aLondon
_bHMSO
_c1996
300 _axxxiii,189p. ; 30cm.
350 _a20.5
490 _aHCP
_v146
650 _aPFI
650 _aPRIVATE FINANCE INITIATIVE
690 _aPROPERTY-PROPERTY FINANCE AND INVESTMENT
700 _aArnold, Sir Thomas
_xChairman
942 _n0
948 _c04/03/1997
999 _c90760
_d90760